Bendy and Ink Machine Quiz Chapters 1-2 - Statistics

General Stats
  • This quiz has been taken 661 times
  • The average score is 7 of 14
Answer Stats
Questions Answer % Correct
What's Bendys Friend Called? Boris
96%
Who Comes At The End? Boris
96%
Who Sent The Letter To Henry? Joey Drew
89%
What Are One of The Six Things In The Power Room? (name one) A Stuffed Bendy
77%
Who Made The Song "Build Our Machine"? DA Games
68%
Who Was The Creator Of The game? The Meatly
65%
Whats The Soup Called In Chapter 2? Bacon Soup
57%
Whats At The And Of Chapter 1? Bendy
54%
Who is calling Bendy? Sammy Lawrence
43%
What Comes Out Of The Ink Puddles? Ink Monsters
16%
What Are You Doing In Chapter 2? Escaping
10%
What Do You Get At The End of Chapter? A axe
8%
Whats The Chapter 2 Called? A Old Song
5%
What Happened at The Beginning Of Chapter 2? Waking Up
5%
No matching quizzes found
Score Distribution
Percent of People with Each Score
Percentile by Number Answered
Your Score History
You have not taken this quiz